Datum a čas kvízu
31
Celkem bodů
Celkový počet nahraných bodů na tomto kvízu bez doplňovacích otázek.
4.
Pořadí na kvízu
Konečné umístění týmu na tomto kvízu.
Zaznamenané odpovědi
| # | Otázka | Odpověď | Body | Výsledky |
|---|---|---|---|---|
| 1. | Ministr školství Robert Plaga... | 26. června | 1 | |
| 2. | Minulý týden jsme se dozvěděli... | A | 0 | |
| 3. | Která světově proslulá zpěvačk... | Céline Dion | 1 | |
| 4. | Jistá firma v pondělí oznámila... | Kit Kat | 0 | |
| 5. | Který slavný sportovec minulý... | Tiger Woods | 1 | |
| 6. | Vítězné téma facebookového hla... | 1D 2A 3C 4B | 0 | |
| 7. | Ve Formuli 1 můžeme občas zazn... | A | 1 | |
| 8. | Nejvíce velkých cen, k sezóně... | A | 0 | |
| 9. | Tato stáj působila ve Formuli... | Benetton | 1 | |
| 10. | Ve kterém státě se nachází záv... | v Japonsku | 0 |